000 00953nam a2200265 i 4500
001 33763
003 ES-MaACL
005 20250824230040.0
007 t|
008 030203s1973 sp ||||1| spa d
130 0 0 _aBiblia.
_pA. T.
_pLibros históricos.
_lEspañol
_9119268
245 1 0 _aRut
_b: ; Tobías ; Judit ; Ester /
_ctraducción de Manuel Iglesias González y Luis Alonso Schökel ; revisión de José María Valverde ; introducciones y comentario de Luis Alonso Schökel.
260 _aMadrid :
_bCristiandad,
_c[1973]
300 _a219 p. ;
_c19 cm.
490 1 _aLos libros sagrados
700 1 _aIglesias González, Manuel.
_965119
700 1 _aAlonso Schökel, Luis.
_9181472
700 1 _aValverde, José María,
_d1926-1996
_9113013
740 0 _aTobías.
740 0 _aJudit.
740 0 _aEster.
830 0 4 _aLos libros sagrados
_9181473
852 _aES-MaACL
_jC-56074
_bR.88896
999 _c33763
_d33763